Aktuálne zmeny vo funkcii manažmentu - rozhodovanie v prostredí globálnej hospodárskej krízy: prípad Slovenskej republiky

Analýza vplyvu hospodárskej krízy na podnikové rozhodovanie. Po doznievajúcej kríze a oživení trhu práce pristúpilo viacero manažérov k potrebe zhodnotenia krízového a pokrízového obdobia za účelom ponaučiť sa zo situácie a pripraviť sa na ďalšie nepredvídané udalosti. Teoretici a praktici sa zhoduj...

Descrizione completa

Salvato in:
Dettagli Bibliografici
Autore principale: Beňová, Martina
Altri autori: Jankelová, Nadežda, 1966-
Natura: Capitolo di libro
Lingua:slovacco
Soggetti:
Tags: Aggiungi Tag
Nessun Tag, puoi essere il primo ad aggiungerne!!

MARC

LEADER 00000nla a2200000 4500
001 0237327
005 20240502073830.9
041 0 |a slo 
044 |a SK 
245 1 0 |a Aktuálne zmeny vo funkcii manažmentu - rozhodovanie v prostredí globálnej hospodárskej krízy: prípad Slovenskej republiky  |c Martina Beňová, Nadežda Jankelová 
520 |a Analýza vplyvu hospodárskej krízy na podnikové rozhodovanie. Po doznievajúcej kríze a oživení trhu práce pristúpilo viacero manažérov k potrebe zhodnotenia krízového a pokrízového obdobia za účelom ponaučiť sa zo situácie a pripraviť sa na ďalšie nepredvídané udalosti. Teoretici a praktici sa zhodujú, že rozhodovanie sa stalo oveľa náročnejším než v časoch prosperity a väčšej istoty na trhoch. 
610 2 0 |a rozhodovanie manažérske 
610 2 0 |a rozhodovanie podnikové 
610 2 0 |a rozhodovanie strategické 
610 2 0 |a kríza hospodárska 
610 2 0 |a prostredie podnikateľské 
610 2 0 |a Slovensko 
610 2 0 |a štúdie prípadové 
100 1 |a Beňová, Martina 
700 1 |a Jankelová, Nadežda, 1966-